000 00378cam a22001457a 4500
008 180718b1969 xxu||||| |||| 00| 0 eng d
082 _aI24x54 J199
100 _aJain, H.M.
245 _aThe Union executive
_cby H.M. Jain
260 _aAllahabad
_bChaitanya
_c1969
300 _a327p.
500 _aRs.25.00
650 _aCabinet System - India
650 _aPresidents - India
999 _c371589
_d371589